We've got to try : how the fight for voting rights ... Read More
Available copies
- 2 of 2 copies available at LARL/NWRL Consortium.
- 2 of 2 copies available at Lake Agassiz Regional Library. (Show preferred library)
Current holds
0 current holds with 2 total copies.
Show Only Available Copies
| Location | Call Number / Copy Notes | Barcode | Shelving Location | Status | Due Date |
|---|---|---|---|---|---|
| Bagley Public Library | 921 NIX (Text) | 33500013657200 | Main | Available | - |
| Moorhead Public Library | 921 NIX (Text) | 33500013645197 | Main | Available | - |
Record details
- ISBN: 9781250852458
- ISBN: 1250852455
- Physical Description: viii, 211 pages ; 25 cm
- Edition: First edition.
- Publisher: New York : Flatiron Books, [2022]
Content descriptions
| Bibliography, etc. Note: | Includes bibliographical references. |
| Formatted Contents Note: | I've got to try -- Nixon's court battles -- Cooke ... Read More |
| Summary, etc.: | "In We've Got To Try, O'Rourke shines a spotlight ... Read More |
Search for related items by subject
| LDR | 02802cam a22004218i 4500 | ||
|---|---|---|---|
| 001 | 396580 | ||
| 003 | LARL_NWRL_CONSORTIUM | ||
| 005 | 20220817152533.0 | ||
| 008 | 220611s2022 nyu b 000 0beng | ||
| 010 | . | ‡a 2022023654 | |
| 040 | . | ‡aLBSOR/DLC ‡beng ‡erda ‡cDLC ‡dOCO | |
| 020 | . | ‡a9781250852458 ‡q(hardcover) | |
| 020 | . | ‡a1250852455 | |
| 020 | . | ‡z9781250852472 ‡q(ebook) | |
| 035 | . | ‡a(OCoLC)1336408475 | |
| 042 | . | ‡apcc | |
| 043 | . | ‡an-us-tx | |
| 082 | 0 | 0. | ‡a324.6/209764 ‡223/eng/20220715 |
| 100 | 1 | . | ‡aO'Rourke, Beto, ‡eauthor. |
| 245 | 1 | 0. | ‡aWe've got to try : ‡bhow the fight for voting rights makes everything else possible / ‡cBeto O'Rourke. |
| 250 | . | ‡aFirst edition. | |
| 264 | 1. | ‡aNew York : ‡bFlatiron Books, ‡c[2022] | |
| 300 | . | ‡aviii, 211 pages ; ‡c25 cm | |
| 336 | . | ‡atext ‡btxt ‡2rdacontent | |
| 337 | . | ‡aunmediated ‡bn ‡2rdamedia | |
| 338 | . | ‡avolume ‡bnc ‡2rdacarrier | |
| 504 | . | ‡aIncludes bibliographical references. | |
| 505 | 0 | . | ‡aI've got to try -- Nixon's court battles -- Cooke County -- Pecos County -- La Salle County -- Fort Bend County -- The border, part 1 -- The border, part 2 -- Overcoming -- Today. |
| 520 | . | ‡a"In We've Got To Try, O'Rourke shines a spotlight on the heroic life and work of Dr. Lawrence Aaron Nixon and the west Texas town where he made his stand. The son of an enslaved man, Nixon grew up in the Confederate stronghold of Marshall, Texas before moving to El Paso, becoming a civil rights leader, and helping to win one of the most significant civil and voting rights victories in American history: the defeat of the all-white primary. His fight for the ballot spanned 20 years and twice took him to the U.S. Supreme Court. With heart, eloquence, and powerful storytelling, O'Rourke weaves together Nixon's story with those of other great Texans who changed the course of voting rights and improved America's democracy. While connecting voting rights and democracy to the major issues of our time, O'Rourke also shares what he saw, heard, and learned while on his own journey throughout the 254 counties of his home state. By telling the stories of those he met along the way and bringing us into the epicenter of the current fight against voter suppression, the former El Paso Congressman shows just how essential it is that the sacred right to vote is protected and that we each do our part to save our democracy for generations to come"-- ‡cProvided by publisher. | |
| 600 | 1 | 0. | ‡aNixon, Lawrence A., ‡d1883-1966. |
| 650 | 0. | ‡aSuffrage ‡zTexas ‡xHistory. | |
| 650 | 0. | ‡aAfrican American political activists ‡zTexas ‡vBiography. | |
| 650 | 0. | ‡aVoter suppression ‡zTexas ‡xHistory. | |
| 651 | 0. | ‡aTexas ‡xPolitics and government ‡y1865-1950. | |
| 901 | . | ‡a396580 ‡bOCoLC ‡c396580 ‡tbiblio ‡soclc | |

Add to basket
Permalink
Disable Highlighting